[Event "22nd Reykjavik op"]
[Site "Reykjavik ISL"]
[Date "2006.03.13"]
[Round "8.27"]
[White "Kjartansson, Gudmundur"]
[Black "Gara, Anita"]
[WhiteElo "2287"]
[BlackElo "2367"]
[Result "1-0"]
[EventDate "2006.03.06"]
[PlyCount "111"]

1.e4 e5 2.Nf3 Nf6 3.Nxe5 d6 4.Nf3 Nxe4 5.d4 d5 6.Bd3 Nc6 7.O-O Be7 8.c4 
Nb4 9.Be2 O-O 10.Nc3 Bf5 11.a3 Nxc3 12.bxc3 Nc6 13.cxd5 Qxd5 14.Bf4 Na5 
15.Ne5 c5 16.Qa4 b6 17.Bf3 Be4 18.c4 Qxd4 19.Rad1 Bc2 20.Qxc2 Qxf4 21.Bxa8
Qxe5 22.Rfe1 Qc7 23.Be4 g6 24.Qa4 Bf6 25.Bd5 Bd4 26.Re4 Kg7 27.Rde1 a6 28.
g3 Bf6 29.Re8 b5 30.cxb5 Rxe8 31.Rxe8 Qd7 32.Qxa5 Qxe8 33.bxa6 Bd4 34.Bc4 
Qe4 35.a7 Qf3 36.Qe1 Qb7 37.Qa5 Qf3 38.Qe1 Qb7 39.a4 Qxa7 40.a5 Qa8 41.a6 
Qf3 42.Qd2 Qa8 43.Qf4 Qa7 44.Qxf7+ Qxf7 45.Bxf7 c4 46.Bxc4 Kf6 47.Kg2 g5 
48.f4 h6 49.Kf3 Bg1 50.Ke4 gxf4 51.gxf4 Ba7 52.f5 Ke7 53.Kd5 Kd7 54.f6 Bb8
55.f7 Ke7 56.Kc6 1-0

[Event "22nd Reykjavik op"]
[Site "Reykjavik ISL"]
[Date "2006.03.13"]
[Round "8.29"]
[White "Olafsson, David"]
[Black "Sanchez Castillo, Sarai"]
[WhiteElo "2319"]
[BlackElo "2177"]
[Result "0-1"]
[EventDate "2006.03.06"]
[PlyCount "32"]

1.e4 e6 2.d4 d5 3.e5 c5 4.c3 Nc6 5.Nf3 Bd7 6.Be2 f6 7.O-O fxe5 8.Nxe5 Nxe5
9.dxe5 g6 10.f4 Ne7 11.Nd2 Nf5 12.Nf3 c4 13.Kh1 Bc5 14.a4 h5 15.b3 h4 16.
bxc4 Ng3+ 0-1

[Event "22nd Reykjavik op"]
[Site "Reykjavik ISL"]
[Date "2006.03.13"]
[Round "8.31"]
[White "Hardarson, Robert"]
[Black "Johnson, Ben"]
[WhiteElo "2369"]
[BlackElo "2189"]
[Result "0-1"]
[EventDate "2006.03.06"]
[PlyCount "106"]

1.e4 e6 2.d3 d5 3.Nd2 Nf6 4.e5 Nfd7 5.f4 c5 6.Ngf3 Be7 7.g3 Nc6 8.Bg2 O-O 
9.O-O f6 10.Re1 fxe5 11.fxe5 Nb6 12.c3 Bd7 13.Nf1 Be8 14.h4 Bh5 15.N1h2 
Bxf3 16.Nxf3 Qc7 17.Bh3 Kh8 18.Bf4 Rae8 19.Qd2 Bd8 20.Rf1 d4 21.c4 Nc8 22.
Qe2 h6 23.Rf2 N8e7 24.Qe4 Nf5 25.Raf1 Nb4 26.a3 Na6 27.h5 Qc6 28.Qe2 Nb8 
29.Bg2 Qd7 30.Nd2 Nc6 31.Be4 Bc7 32.Nf3 a6 33.g4 Nfe7 34.Qd2 Rf7 35.Bg3 
Ref8 36.Nh4 Rxf2 37.Rxf2 Qe8 38.Bg6 Qb8 39.g5 Bxe5 40.Bxe5 Nxe5 41.gxh6 
N5xg6 42.Nxg6+ Nxg6 43.hxg7+ Kxg7 44.Qg5 Rxf2 45.Qxg6+ Kf8 46.Kxf2 Qe5 47.
Kf3 Qe3+ 48.Kg4 Qg1+ 49.Kh4 Qxg6 50.hxg6 e5 51.Kg4 e4 52.dxe4 Kg7 53.b4 b6
0-1

[Event "22nd Reykjavik op"]
[Site "Reykjavik ISL"]
[Date "2006.03.13"]
[Round "8.32"]
[White "Vovk, Oksana"]
[Black "Hamdouchi, Adina Maria"]
[WhiteElo "2164"]
[BlackElo "2294"]
[Result "0-1"]
[EventDate "2006.03.06"]
[PlyCount "74"]

1.c4 g6 2.Nc3 Bg7 3.g3 d6 4.Bg2 e5 5.e3 f5 6.Nge2 Nf6 7.O-O O-O 8.d4 c6 9.
b3 e4 10.f3 exf3 11.Bxf3 Re8 12.Qd3 Na6 13.a3 Qe7 14.Nf4 Nc7 15.Ra2 Ne4 
16.Re2 b6 17.Qc2 Bd7 18.Nxe4 fxe4 19.Bg2 Rac8 20.Ref2 d5 21.Bb2 Ne6 22.Qe2
Nxf4 23.Rxf4 Be6 24.Rc1 h5 25.c5 Bg4 26.Qd2 Bh6 27.Rff1 h4 28.gxh4 Qxh4 
29.Rce1 Bg5 30.Bc1 Kg7 31.Bh1 Rh8 32.Rf2 Bh3 33.Qe2 b5 34.Bb2 Rcf8 35.Rxf8
Rxf8 36.Bc3 Qg4+ 37.Qxg4 Bxe3+ 0-1

[Event "22nd Reykjavik op"]
[Site "Reykjavik ISL"]
[Date "2006.03.13"]
[Round "8.33"]
[White "Kjartansson, David"]
[Black "Baldursson, Hrannar"]
[WhiteElo "2260"]
[BlackElo "2174"]
[Result "1-0"]
[EventDate "2006.03.06"]
[PlyCount "67"]

1.a3 e5 2.c4 Nf6 3.e3 d5 4.cxd5 Nxd5 5.Qc2 Bd6 6.Nf3 O-O 7.b4 Nd7 8.Bb2 
Re8 9.Bc4 N7f6 10.d3 c6 11.Nbd2 Bg4 12.Ng5 h6 13.Nge4 Bf8 14.h3 Bh5 15.g4 
Bg6 16.Rg1 Nxe4 17.dxe4 Qh4 18.Rg3 Rad8 19.Nf3 Qf6 20.h4 Qd6 21.h5 Bh7 22.
g5 b5 23.Bb3 hxg5 24.Nxg5 Be7 25.Nxh7 Nb6 26.Rg6 Qd3 27.Bxe5 Bxb4+ 28.axb4
Rxe5 29.Qb2 Kxh7 30.Qxe5 fxg6 31.hxg6+ Kh6 32.Rd1 Qxb3 33.Rxd8 Qxb4+ 34.
Kf1 1-0

[Event "22nd Reykjavik op"]
[Site "Reykjavik ISL"]
[Date "2006.03.13"]
[Round "8.34"]
[White "Schwartz Ylon"]
[Black "Thorsteinsson, Erlingur"]
[WhiteElo "2250"]
[BlackElo "2147"]
[Result "1/2-1/2"]
[EventDate "2006.03.06"]
[PlyCount "101"]

1.d4 Nf6 2.c4 d6 3.Nc3 e5 4.Nf3 exd4 5.Nxd4 Be7 6.g3 O-O 7.Bg2 Re8 8.O-O 
Nbd7 9.b3 Nc5 10.Bb2 a5 11.a3 Bf8 12.Qc2 c6 13.h3 Qb6 14.Rad1 Bd7 15.e4 
Rad8 16.Rfe1 Bc8 17.Kh2 g6 18.Bc1 Bg7 19.Be3 Qc7 20.b4 axb4 21.axb4 Ne6 
22.Nb3 Nf8 23.c5 dxc5 24.bxc5 Rxd1 25.Rxd1 Ne6 26.f4 Nh5 27.Bf3 Nhxf4 28.
gxf4 Nxf4 29.Rd6 Nxh3 30.Bd4 Qe7 31.Qg2 Bxd4 32.Nxd4 Qe5+ 33.Qg3 Qxc5 34.
Bg2 Ng5 35.e5 f6 36.Rxf6 Qxd4 37.Qxg5 Qxe5+ 38.Qxe5 Rxe5 39.Ne4 Kg7 40.Rf2
Be6 41.Nd6 b5 42.Bxc6 b4 43.Rb2 b3 44.Nb5 Rh5+ 45.Kg3 Rh3+ 46.Kf4 Kf6 47.
Nd4 Bc4 48.Bf3 h5 49.Nxb3 g5+ 50.Ke4 g4 51.Nd2 1/2-1/2

[Event "22nd Reykjavik op"]
[Site "Reykjavik ISL"]
[Date "2006.03.13"]
[Round "8.35"]
[White "Halldorsson, Jon Arni"]
[Black "Moskow, Eric"]
[WhiteElo "2145"]
[BlackElo "2248"]
[Result "1/2-1/2"]
[EventDate "2006.03.06"]
[PlyCount "168"]

1.d4 Nf6 2.Nf3 e6 3.c4 c5 4.d5 exd5 5.cxd5 d6 6.Nc3 a6 7.a4 g6 8.g3 Bg7 9.
Bg2 O-O 10.O-O Nbd7 11.Nd2 Re8 12.Nc4 Nb6 13.Na3 Bd7 14.Ra2 Rb8 15.a5 Nc8 
16.Nc4 Bb5 17.b3 Ng4 18.Bb2 Bxc4 19.bxc4 Ne5 20.Qa4 Qd7 21.Ba1 Qxa4 22.
Rxa4 b5 23.axb6 Rxb6 24.h3 h6 25.Rd1 Re7 26.e3 Ra7 27.f4 Nd7 28.Bf1 Rb3 
29.Rc1 Ndb6 30.Ra2 Rb4 31.Nd1 Ra4 32.Rxa4 Nxa4 33.Bxg7 Kxg7 34.Ra1 Nab6 
35.Nc3 f5 36.Kf2 Kf6 37.e4 Na8 38.Bd3 Nc7 39.Rb1 a5 40.Bc2 Na6 41.Nb5 Rb7 
42.Ra1 Nb4 43.Bb1 fxe4 44.Bxe4 Nb6 45.Nxd6 Rd7 46.Nb5 Nxc4 47.Nc3 Ra7 48.
Na4 Rc7 49.Nc3 Re7 50.Re1 Nd6 51.Bb1 Rxe1 52.Kxe1 c4 53.Ke2 a4 54.Nxa4 
Nxd5 55.Ba2 Nb4 56.Bb1 Nb5 57.Kd2 Nd5 58.Be4 c3+ 59.Kc2 Nd4+ 60.Kb1 Ne3 
61.Nxc3 Nf1 62.g4 Nd2+ 63.Kc1 Nxe4 64.Nxe4+ Ke6 65.Kd2 h5 66.Ke3 Nc6 67.
Nc5+ Kd5 68.Ne4 hxg4 69.hxg4 Ne7 70.Ng5 Kd6 71.Ke4 Ng8 72.Nh7 Ke6 73.Ng5+ 
Kd6 74.Nf7+ Ke6 75.Ne5 Ne7 76.g5 Kd6 77.Nf7+ Ke6 78.Nh8 Kd6 79.Kf3 Kd7 80.
Kg3 Ke8 81.Kg4 Kf8 82.Nxg6+ Nxg6 83.f5 Ne7 84.Kf4 Nxf5 1/2-1/2

[Event "22nd Reykjavik op"]
[Site "Reykjavik ISL"]
[Date "2006.03.13"]
[Round "8.36"]
[White "Gretarsson, Hjorvar Steinn"]
[Black "Bjarnason, Saevar"]
[WhiteElo "2046"]
[BlackElo "2240"]
[Result "1/2-1/2"]
[EventDate "2006.03.06"]
[PlyCount "135"]

1.Nf3 Nf6 2.c4 c5 3.Nc3 Nc6 4.d4 cxd4 5.Nxd4 e6 6.g3 Bc5 7.Nb3 Be7 8.Bg2 
d6 9.O-O a6 10.Nd4 Bd7 11.b3 O-O 12.e4 Nxd4 13.Qxd4 Qc7 14.Bb2 Bc6 15.Rac1
Qb8 16.f4 Rd8 17.Rfe1 Bf8 18.h3 b5 19.Kh2 Qb7 20.Ba1 bxc4 21.bxc4 Qa7 22.
Qd2 Nd7 23.Ne2 Nc5 24.Nd4 Be8 25.Red1 Rab8 26.Bc3 Rdc8 27.Ba1 Qe7 28.Re1 
f6 29.Qc3 g6 30.Qa3 e5 31.Ne2 Bf7 32.Qe3 Rb4 33.Bf1 Rxc4 34.Rxc4 Bxc4 35.
Nc3 Bf7 36.fxe5 dxe5 37.Be2 Bg7 38.Rd1 Qb7 39.Nd5 Ne6 40.Bc3 Nd4 41.Bxd4 
exd4 42.Rxd4 Re8 43.Qd2 f5 44.Rb4 Qa7 45.Bf3 fxe4 46.Rxe4 Rxe4 47.Bxe4 Bd4
48.Qg2 Kg7 49.Nb4 Qb6 50.Nd5 Qc5 51.Nf4 g5 52.Nd5 h6 53.Bf3 a5 54.h4 Bf2 
55.hxg5 hxg5 56.Be4 Qd4 57.Qf3 Be1 58.Kg2 Qb2+ 59.Kf1 Qa1 60.Kg2 Qxa2+ 61.
Kf1 Qa1 62.Kg2 Qe5 63.Ne3 a4 64.Nf5+ Kh8 65.Nh6 Qxg3+ 66.Qxg3 Bxg3 67.
Nxf7+ Kg7 68.Kxg3 1/2-1/2

[Event "22nd Reykjavik op"]
[Site "Reykjavik ISL"]
[Date "2006.03.13"]
[Round "8.37"]
[White "Bick, John"]
[Black "Thorsteinsdottir, Gudlaug"]
[WhiteElo "2238"]
[BlackElo "2147"]
[Result "1-0"]
[EventDate "2006.03.06"]
[PlyCount "61"]

1.d4 d5 2.c4 dxc4 3.e3 e6 4.Bxc4 a6 5.Nf3 Nf6 6.O-O c5 7.dxc5 Qxd1 8.Rxd1 
Bxc5 9.Nbd2 b5 10.Be2 Bb7 11.a4 b4 12.Nc4 Ke7 13.Na5 Bd5 14.Bd2 Ne4 15.Be1
Nd7 16.Nd4 Rac8 17.Kf1 Nd6 18.Rac1 f5 19.Bf3 Bxf3 20.gxf3 Bxd4 21.Rxc8 
Rxc8 22.Rxd4 e5 23.Rxb4 Rc1 24.Ke2 Nc5 25.Bd2 Ra1 26.Rb6 Nxa4 27.Rxa6 Ra2 
28.Nc6+ Kd7 29.Nb4 Rxb2 30.Rxa4 Nc4 31.Ra2 1-0

[Event "22nd Reykjavik op"]
[Site "Reykjavik ISL"]
[Date "2006.03.13"]
[Round "8.39"]
[White "Thorhallsson, Gylfi"]
[Black "Bjornsson, Sverrir Orn"]
[WhiteElo "2187"]
[BlackElo "2108"]
[Result "1/2-1/2"]
[EventDate "2006.03.06"]
[PlyCount "98"]

1.e4 Nf6 2.Nc3 e5 3.Nf3 Bb4 4.Bc4 O-O 5.O-O d6 6.d3 Be6 7.Bb3 Nbd7 8.Qe2 
c6 9.Bg5 Bxc3 10.bxc3 Qa5 11.h3 Rfe8 12.Bd2 Qc7 13.Ng5 Bxb3 14.axb3 h6 15.
Nf3 d5 16.Nh4 dxe4 17.dxe4 Nc5 18.f3 Nh5 19.Qf2 b6 20.Nf5 Ne6 21.Qh4 Nhf4 
22.Rfd1 a5 23.g3 Ng6 24.Qg4 Rad8 25.h4 Kh7 26.Be3 Rxd1+ 27.Rxd1 Rd8 28.Rf1
c5 29.h5 Ne7 30.Nxe7 Qxe7 31.Qf5+ Kg8 32.Qxe5 Qd7 33.f4 Re8 34.Qf5 a4 35.
bxa4 Qxa4 36.Rf2 Qa1+ 37.Kg2 Qxc3 38.Bd2 Qxc2 39.Qe5 Qa4 40.Bc3 Nd4 41.Qd5
Qc6 42.Bxd4 Qxd5 43.exd5 cxd4 44.Rd2 Re4 45.Kf3 f5 46.g4 Re3+ 47.Kf2 Re4 
48.Kf3 Re3+ 49.Kf2 Re4 1/2-1/2

[Event "22nd Reykjavik op"]
[Site "Reykjavik ISL"]
[Date "2006.03.13"]
[Round "8.40"]
[White "Weeks, Manuel"]
[Black "Mouradian, Knarik"]
[WhiteElo "2273"]
[BlackElo "2190"]
[Result "1-0"]
[EventDate "2006.03.06"]
[PlyCount "53"]

1.e4 c5 2.Nf3 d6 3.d4 Nf6 4.Nc3 cxd4 5.Nxd4 a6 6.Bg5 e6 7.f4 Nbd7 8.Qf3 
Qc7 9.O-O-O b5 10.Bd3 Bb7 11.Rhe1 Be7 12.Qg3 b4 13.Nd5 exd5 14.exd5 Bxd5 
15.Nf5 Be6 16.Nxg7+ Kd8 17.Rxe6 Qa5 18.Rxe7 Kxe7 19.Nf5+ Kd8 20.Qh4 Kc7 
21.Bxf6 Rhe8 22.Be7 Qxa2 23.Bxd6+ Kb7 24.Bxb4 Qa1+ 25.Kd2 Qxb2 26.Nd6+ Kc6
27.Bc3 1-0

[Event "22nd Reykjavik op"]
[Site "Reykjavik ISL"]
[Date "2006.03.13"]
[Round "8.41"]
[White "Johansson, Victoria"]
[Black "Scheeff, Volker"]
[WhiteElo "2222"]
[BlackElo "2142"]
[Result "1-0"]
[EventDate "2006.03.06"]
[PlyCount "87"]

1.d4 d5 2.Nf3 Nc6 3.g3 Bg4 4.Bg2 Nf6 5.Ne5 Bd7 6.c3 e6 7.Nd2 Nxe5 8.dxe5 
Ng8 9.O-O Bc5 10.e4 c6 11.Nb3 Bb6 12.Qg4 Kf8 13.Bg5 Ne7 14.Qf3 h6 15.Be3 
Ng6 16.exd5 cxd5 17.Bxb6 Qxb6 18.Rfe1 Ke7 19.h4 Rac8 20.h5 Nf8 21.Qg4 Rg8 
22.Rad1 Rc4 23.Rd4 Bb5 24.Red1 Nd7 25.Nd2 Rc6 26.Qh4+ Ke8 27.c4 Bxc4 28.
Nxc4 Rxc4 29.Rxc4 dxc4 30.Qxc4 Ke7 31.Qh4+ f6 32.exf6+ gxf6 33.Qe4 f5 34.
Qd3 Nf6 35.Rc1 f4 36.gxf4 Rg7 37.Qc3 Nxh5 38.Qe5 Kd7 39.Qxh5 Qxb2 40.Rd1+ 
Ke7 41.Qh4+ Kf7 42.Qh5+ Rg6 43.Rd7+ Kf6 44.Qh4+ 1-0

[Event "22nd Reykjavik op"]
[Site "Reykjavik ISL"]
[Date "2006.03.13"]
[Round "8.42"]
[White "Hagesaether, Ellen"]
[Black "Olafsson, Thorvardur"]
[WhiteElo "2202"]
[BlackElo "2132"]
[Result "1-0"]
[EventDate "2006.03.06"]
[PlyCount "83"]

1.Nf3 Nf6 2.g3 g6 3.Bg2 Bg7 4.O-O O-O 5.d3 d6 6.e4 c5 7.h3 Nc6 8.Nh4 Bd7 
9.f4 Rb8 10.f5 b5 11.g4 Qb6 12.Be3 b4 13.Nd2 Ne5 14.Qe2 Bb5 15.Rf2 a5 16.
Nf1 a4 17.Rd1 b3 18.axb3 axb3 19.c4 Bc6 20.Nh2 Ra8 21.g5 Nh5 22.Ng4 Ng3 
23.Qe1 gxf5 24.exf5 Bxg2 25.Kxg2 Nh5 26.f6 exf6 27.Nxf6+ Bxf6 28.gxf6 Kh8 
29.Rf5 Rg8+ 30.Kh2 Qb7 31.Qf2 Ng3 32.Rg5 Rxg5 33.Bxg5 Nh5 34.Qe2 Ra2 35.
Qxh5 Rxb2+ 36.Bd2 Qb8 37.Nf3 Nxf3+ 38.Qxf3 Qg8 39.Kh1 Ra2 40.Bh6 Qa8 41.
Qxa8+ Rxa8 42.Rb1 1-0

[Event "22nd Reykjavik op"]
[Site "Reykjavik ISL"]
[Date "2006.03.13"]
[Round "8.43"]
[White "Omarsson, Dadi"]
[Black "Salama, Omar"]
[WhiteElo "1714"]
[BlackElo "2199"]
[Result "0-1"]
[EventDate "2006.03.06"]
[PlyCount "66"]

1.e4 c5 2.Nf3 Nc6 3.d4 cxd4 4.Nxd4 Nf6 5.Nc3 e5 6.Ndb5 d6 7.Bg5 a6 8.Na3 
b5 9.Bxf6 gxf6 10.Nd5 Bg7 11.Bd3 Ne7 12.Nxe7 Qxe7 13.c3 f5 14.Nc2 Qg5 15.
O-O O-O 16.a4 Bb7 17.f3 fxe4 18.fxe4 f5 19.Qe2 d5 20.axb5 fxe4 21.Rxf8+ 
Rxf8 22.Bxe4 dxe4 23.bxa6 Ba8 24.b4 Rd8 25.Rd1 Rd3 26.b5 Bf8 27.Nb4 Rxc3 
28.Nd5 Rc1 29.Ne3 Bc5 30.Rxc1 Qxe3+ 31.Qxe3 Bxe3+ 32.Kf1 Bxc1 33.Ke2 Bd5 
0-1

[Event "22nd Reykjavik op"]
[Site "Reykjavik ISL"]
[Date "2006.03.13"]
[Round "8.44"]
[White "Asbjornsson, Ingvar"]
[Black "Gutierrez Castillo, Paloma"]
[WhiteElo "1996"]
[BlackElo "2158"]
[Result "0-1"]
[EventDate "2006.03.06"]
[PlyCount "58"]

1.d4 d5 2.c4 e6 3.Nf3 c6 4.Nc3 dxc4 5.a4 Bb4 6.e3 b5 7.Bd2 a5 8.axb5 Bxc3 
9.Bxc3 cxb5 10.d5 Nf6 11.dxe6 Qxd1+ 12.Rxd1 Bxe6 13.Bxf6 gxf6 14.Nd4 Bd7 
15.g3 Na6 16.Bg2 Rb8 17.Nc6 Rb6 18.Nxa5 Nc5 19.O-O Ke7 20.b3 cxb3 21.Rb1 
Bf5 22.e4 Be6 23.Rfc1 Ra6 24.Rxc5 Rxa5 25.Rc7+ Kd6 26.Rcc1 Rc8 27.Rxc8 
Bxc8 28.e5+ fxe5 29.Be4 f5 0-1

[Event "22nd Reykjavik op"]
[Site "Reykjavik ISL"]
[Date "2006.03.13"]
[Round "8.45"]
[White "Bergsson, Stefan"]
[Black "Thorgeirsson, Sverrir"]
[WhiteElo "2144"]
[BlackElo "1954"]
[Result "0-1"]
[EventDate "2006.03.06"]
[PlyCount "70"]

1.e4 e6 2.d4 d5 3.Nd2 Nf6 4.e5 Nfd7 5.f4 c5 6.Ngf3 Nc6 7.c4 Nb6 8.b4 Nxb4 
9.Kf2 Bd7 10.a4 a5 11.Bb2 Rc8 12.cxd5 N4xd5 13.Ne4 Nxf4 14.d5 Nbxd5 15.
Nd6+ Bxd6 16.exd6 Nf6 17.Ne5 O-O 18.g3 Ng6 19.Nc4 Bc6 20.Bg2 Bxg2 21.Kxg2 
Nd5 22.h4 Re8 23.Rf1 f6 24.Qe2 Nf8 25.h5 Nd7 26.h6 g6 27.Rab1 e5 28.Qd2 
Nb4 29.g4 Re6 30.g5 f5 31.Rbe1 f4 32.Rg1 Qxg5+ 33.Kf2 Qh4+ 34.Ke2 f3+ 35.
Kd1 Qxc4 0-1

[Event "22nd Reykjavik op"]
[Site "Reykjavik ISL"]
[Date "2006.03.13"]
[Round "8.46"]
[White "Kristjansson, Atli Freyr"]
[Black "Player, Edmund"]
[WhiteElo "1922"]
[BlackElo "2122"]
[Result "0-1"]
[EventDate "2006.03.06"]
[PlyCount "76"]

1.d4 d5 2.c4 dxc4 3.e3 Nf6 4.Bxc4 e6 5.Nc3 c5 6.Nf3 a6 7.O-O b5 8.Bd3 Nbd7
9.Qe2 Bb7 10.Rd1 Be7 11.dxc5 Bxc5 12.e4 Qb6 13.h3 e5 14.Bg5 Rd8 15.Rac1 
O-O 16.a3 Rfe8 17.b4 Bd4 18.Nb1 h6 19.Bh4 Nf8 20.Nbd2 Ne6 21.Nxd4 Nf4 22.
Qf3 Rxd4 23.Bb1 Red8 24.Bxf6 Qxf6 25.Nb3 Rxd1+ 26.Rxd1 Nxh3+ 27.Kh2 Rxd1 
28.Qxd1 Nxf2 29.Qd7 Bxe4 30.Qe8+ Kh7 31.Nc5 Bxb1 32.Nd7 Qh4+ 33.Kg1 Nh3+ 
34.Kh1 Ng5+ 35.Kg1 Nf3+ 36.gxf3 Qg3+ 37.Kh1 Qxf3+ 38.Kh2 Qf2+ 0-1

[Event "22nd Reykjavik op"]
[Site "Reykjavik ISL"]
[Date "2006.03.13"]
[Round "8.48"]
[White "Palsson, Svanberg Mar"]
[Black "Trifunovic, Dusan"]
[WhiteElo "1720"]
[BlackElo "2012"]
[Result "1-0"]
[EventDate "2006.03.06"]
[PlyCount "69"]

1.d4 d5 2.Nf3 Nc6 3.Bf4 Bg4 4.e3 e6 5.c4 Bd6 6.Bg3 Nf6 7.Nc3 O-O 8.cxd5 
exd5 9.Bd3 Re8 10.O-O Bxg3 11.hxg3 Ne7 12.Qc2 Bxf3 13.gxf3 c6 14.Kg2 h5 
15.Rh1 Qd7 16.Rh2 g6 17.Rah1 Kg7 18.Ne2 Nf5 19.Bxf5 Qxf5 20.Qxf5 gxf5 21.
Nf4 Rh8 22.Nxh5+ Nxh5 23.Rxh5 Rxh5 24.Rxh5 Kg6 25.g4 fxg4 26.fxg4 Re8 27.
Re5 Rxe5 28.dxe5 c5 29.f4 b5 30.Kf3 c4 31.Ke2 a5 32.f5+ Kg5 33.Kd2 b4 34.
Kc2 a4 35.Kd2 1-0

[Event "22nd Reykjavik op"]
[Site "Reykjavik ISL"]
[Date "2006.03.14"]
[Round "9.1"]
[White "Harikrishna P"]
[Black "Sargissian, Gabriel"]
[WhiteElo "2673"]
[BlackElo "2603"]
[Result "1/2-1/2"]
[EventDate "2006.03.06"]
[PlyCount "27"]

1.d4 Nf6 2.c4 e6 3.Nc3 Bb4 4.e3 O-O 5.Ne2 d5 6.a3 Bd6 7.Ng3 c6 8.Be2 e5 9.
cxd5 exd4 10.exd4 cxd5 11.O-O Nc6 12.Bf3 h6 13.Nge2 Bg4 14.Bxg4 1/2-1/2

[Event "22nd Reykjavik op"]
[Site "Reykjavik ISL"]
[Date "2006.03.14"]
[Round "9.4"]
[White "Nataf, Igor-Alexandre"]
[Black "Hamdouchi, Hichem"]
[WhiteElo "2553"]
[BlackElo "2575"]
[Result "1-0"]
[EventDate "2006.03.06"]
[PlyCount "45"]

1.e4 c5 2.Nf3 e6 3.c4 Nc6 4.Be2 Nf6 5.Nc3 Qc7 6.O-O a6 7.d4 cxd4 8.Nxd4 
Bd6 9.Kh1 Nxd4 10.Qxd4 Be5 11.Qd3 d6 12.f4 Bxc3 13.bxc3 b5 14.e5 bxc4 15.
Qg3 Ne4 16.Qxg7 Rf8 17.Ba3 Bb7 18.exd6 Qd7 19.f5 exf5 20.Qe5+ Qe6 21.d7+ 
Kxd7 22.Rad1+ Kc6 23.Qa5 1-0

[Event "22nd Reykjavik op"]
[Site "Reykjavik ISL"]
[Date "2006.03.14"]
[Round "9.6"]
[White "Galego, Luis"]
[Black "Fressinet, Laurent"]
[WhiteElo "2538"]
[BlackElo "2625"]
[Result "1-0"]
[EventDate "2006.03.06"]
[PlyCount "121"]

1.e4 e5 2.Nf3 Nc6 3.Nc3 Nf6 4.g3 d5 5.exd5 Nxd5 6.Bg2 Nxc3 7.bxc3 Bd6 8.
O-O O-O 9.d3 Bg4 10.Qe1 Qd7 11.Rb1 Rab8 12.Qe4 Bf5 13.Qe2 Rfe8 14.Ng5 Be7 
15.Re1 h6 16.Ne4 Be6 17.a4 f5 18.Nd2 Bd5 19.Bh3 Bd6 20.Ne4 Qf7 21.Nxd6 
cxd6 22.Bb2 Nd8 23.Ba3 Bc6 24.Bg2 Bxg2 25.Kxg2 Qd7 26.Qf3 Nf7 27.Rb5 Kh8 
28.c4 b6 29.h4 f4 30.Bb2 fxg3 31.fxg3 Rf8 32.Rf1 Qe7 33.Qe4 Rbe8 34.Ba3 
Qd7 35.a5 bxa5 36.Rxa5 Kg8 37.Ra6 Re6 38.Ra5 Rb8 39.Qg4 Rbe8 40.Qe4 Rb8 
41.Bc1 Nd8 42.Be3 Nc6 43.Ra6 Rc8 44.Rf2 Kh8 45.Ra1 Kg8 46.Raf1 a5 47.c3 a4
48.Ra1 Ne7 49.Qg4 Qc6+ 50.Kh2 Rg6 51.Qd1 e4 52.h5 Re6 53.Qg4 d5 54.Bd4 g5 
55.Raf1 exd3 56.Rf7 Re2+ 57.Qxe2 dxe2 58.Rg7+ Kh8 59.Rxe7+ Kg8 60.Rg7+ Kh8
61.Rg6+ 1-0

[Event "22nd Reykjavik op"]
[Site "Reykjavik ISL"]
[Date "2006.03.14"]
[Round "9.7"]
[White "Ward, Christopher"]
[Black "Erenburg, Sergey"]
[WhiteElo "2475"]
[BlackElo "2573"]
[Result "1-0"]
[EventDate "2006.03.06"]
[PlyCount "71"]

1.d4 d5 2.c4 c6 3.Nf3 Nf6 4.Nc3 e6 5.Bg5 h6 6.Bxf6 Qxf6 7.Qb3 dxc4 8.Qxc4 
Nd7 9.O-O-O g6 10.e3 Bg7 11.h4 O-O 12.Ne4 Qe7 13.Qc2 Re8 14.Bd3 a5 15.Kb1 
a4 16.a3 e5 17.h5 g5 18.Ng3 Nb6 19.Bh7+ Kh8 20.Bf5 Be6 21.Bxe6 Qxe6 22.
Nxe5 Bxe5 23.dxe5 Qxe5 24.Nf5 Re6 25.f3 Nd5 26.e4 Ne7 27.Ne3 b5 28.Ng4 Qf4
29.Rd7 Kg8 30.Rhd1 Rf8 31.Qc5 Re8 32.Rd8 Kf8 33.Rxe8+ Kxe8 34.Qd4 f6 35.
Qd7+ Kf7 36.Nxh6+ 1-0

[Event "22nd Reykjavik op"]
[Site "Reykjavik ISL"]
[Date "2006.03.14"]
[Round "9.8"]
[White "Rogers, Ian"]
[Black "Thorhallsson, Throstur"]
[WhiteElo "2547"]
[BlackElo "2455"]
[Result "1-0"]
[EventDate "2006.03.06"]
[PlyCount "137"]

1.e4 c5 2.Nf3 d6 3.d4 cxd4 4.Nxd4 Nf6 5.Nc3 e6 6.Be3 a6 7.f4 Qc7 8.Qf3 b5 
9.Bd3 Bb7 10.g4 b4 11.Nce2 Nc6 12.g5 Nd7 13.O-O-O Nc5 14.Kb1 Rc8 15.h4 Be7
16.h5 Nxd4 17.Nxd4 O-O 18.Rhg1 f5 19.gxf6 Bxf6 20.Qg4 Kh8 21.h6 g6 22.Nxe6
Nxe6 23.Qxe6 Rce8 24.Qb3 Bxe4 25.Bxe4 Rxe4 26.Bc1 Rc8 27.Rg2 Rc4 28.Re1 d5
29.Re6 Qf7 30.Rge2 Kg8 31.Qa4 Rf8 32.Qxa6 Rd4 33.Re8 Re4 34.R2xe4 dxe4 35.
Rxe4 Be7 36.Qe2 Bd6 37.b3 Rc8 38.Qa6 Qf5 39.Rc4 Rxc4 40.Qxc4+ Kf8 41.Bd2 
Qc5 42.Qxc5 Bxc5 43.a3 bxa3 44.b4 Bd6 45.Ka2 Ke8 46.Kxa3 Kd7 47.Kb3 Bf8 
48.f5 gxf5 49.Bf4 Kc6 50.c4 Be7 51.b5+ Kb6 52.Be3+ Ka5 53.Kc3 Bf6+ 54.Kd3 
Be5 55.Bd4 Bb8 56.Bf6 Bc7 57.Bc3+ Kb6 58.Kd4 Bf4 59.Kd5 Bxh6 60.Bd4+ Kb7 
61.c5 Bf4 62.c6+ Kc8 63.b6 h5 64.Be5 Bxe5 65.Kxe5 h4 66.Kd6 h3 67.b7+ Kb8 
68.Kd7 h2 69.c7+ 1-0

[Event "22nd Reykjavik op"]
[Site "Reykjavik ISL"]
[Date "2006.03.14"]
[Round "9.10"]
[White "Steingrimsson, Hedinn"]
[Black "Ivanisevic, Ivan"]
[WhiteElo "2439"]
[BlackElo "2588"]
[Result "0-1"]
[EventDate "2006.03.06"]
[PlyCount "110"]

1.e4 e5 2.Nf3 Nc6 3.Bb5 f5 4.Nc3 Nf6 5.exf5 Bc5 6.O-O O-O 7.d3 d6 8.Bxc6 
bxc6 9.Ne4 Bb6 10.Ng3 Nd5 11.d4 exd4 12.Bg5 Qe8 13.Re1 Qf7 14.Nxd4 Bxd4 
15.Qxd4 Bxf5 16.c4 Nb4 17.Re7 Qg6 18.Qd2 a5 19.Rxc7 d5 20.Re1 Na6 21.Rce7 
dxc4 22.h4 h6 23.Nxf5 Qxf5 24.R1e5 Qb1+ 25.Kh2 Qh7 26.Qd4 Nb4 27.Qxc4+ Kh8
28.Be3 Nd5 29.R7e6 Rab8 30.Bc5 Rg8 31.Rxc6 Nf6 32.b3 Qg6 33.Ree6 Rbd8 34.
Be3 Rd1 35.f3 Qb1 36.Bc1 Qxa2 37.Re2 Qa1 38.Qc2 Qd4 39.Qc4 Qg1+ 40.Kg3 
Nh5+ 41.Kg4 Rd4+ 42.Kxh5 Rxc4 43.Rxc4 Qd1 44.Re7 Qxb3 45.Rcc7 Qa2 46.g4 
Qd5+ 47.g5 Qxf3+ 48.Kg6 Qd3+ 49.Kh5 hxg5 50.Bxg5 a4 51.Rf7 a3 52.Ra7 Qe2+ 
53.Kg6 a2 54.Rf4 Qd3+ 55.Kh5 Qd1+ 0-1

[Event "22nd Reykjavik op"]
[Site "Reykjavik ISL"]
[Date "2006.03.14"]
[Round "9.12"]
[White "Thorfinnsson, Bjorn"]
[Black "Kveinys, Aloyzas"]
[WhiteElo "2337"]
[BlackElo "2517"]
[Result "0-1"]
[EventDate "2006.03.06"]
[PlyCount "66"]

1.d4 e6 2.Nf3 Nf6 3.Bg5 h6 4.Bh4 c5 5.e3 b6 6.Bd3 Bb7 7.Nbd2 cxd4 8.exd4 
Be7 9.O-O O-O 10.Rc1 d6 11.Re1 Nbd7 12.c3 Re8 13.a4 Qc7 14.b4 Bf8 15.c4 a5
16.c5 bxc5 17.dxc5 axb4 18.Bxf6 Nxf6 19.c6 Ba6 20.Bxa6 Rxa6 21.Nd4 d5 22.
Nb5 Qb6 23.Re2 Rc8 24.c7 Ne8 25.Nf3 Nd6 26.Nfd4 Nc4 27.Rec2 b3 28.Rxc4 
dxc4 29.Rxc4 b2 30.Qb1 e5 31.Nc2 Bc5 32.Qxb2 Rxc7 33.Nb4 Bxf2+ 0-1

[Event "22nd Reykjavik op"]
[Site "Reykjavik ISL"]
[Date "2006.03.14"]
[Round "9.13"]
[White "Matamoros Franco, Carlos"]
[Black "Pavlovic, Milos"]
[WhiteElo "2510"]
[BlackElo "2494"]
[Result "1/2-1/2"]
[EventDate "2006.03.06"]
[PlyCount "145"]

1.c4 b6 2.Nf3 Bb7 3.g3 Bxf3 4.exf3 c5 5.d4 Nc6 6.dxc5 bxc5 7.Bh3 g6 8.O-O 
Bg7 9.Nc3 Nf6 10.Be3 Qa5 11.Ne4 O-O 12.Nxc5 d6 13.Nd3 d5 14.b4 Qd8 15.Rc1 
e6 16.cxd5 Qxd5 17.Rc5 Qd7 18.b5 Ne7 19.Ne5 Qb7 20.f4 Nfd5 21.Qf3 a6 22.b6
Bxe5 23.fxe5 Qxb6 24.Rxd5 Qb7 25.Bh6 Nxd5 26.Rd1 Qe7 27.Bxf8 Rxf8 28.Bf1 
Qc7 29.Bxa6 Ra8 30.Bf1 Rxa2 31.Re1 h5 32.h4 Qc5 33.Rd1 Ra3 34.Rd3 Ra1 35.
Rd1 Rxd1 36.Qxd1 Qc3 37.Qe2 Kg7 38.Kh2 Qd4 39.Bg2 Nb6 40.Bf1 Nd7 41.f4 Nb6
42.Bg2 Nc4 43.Bf3 Ne3 44.Kh3 Qc3 45.Kh2 Qc1 46.Qf2 Qc5 47.Qe2 Qd4 48.Kh3 
Qc3 49.Kh2 Nf5 50.Qf2 Qd3 51.Bg2 Ne3 52.Bf3 Qd4 53.Qe2 Nf5 54.Be4 Ne3 55.
Bf3 Kf8 56.Kh3 Nf5 57.Be4 Nh6 58.Bf3 Qc3 59.Kh2 Ke7 60.Qf2 Nf5 61.Qa7+ Kf8
62.Qf2 Ne3 63.Kh3 Qd4 64.Qe2 Ke7 65.Qa6 Qc5 66.Qc6 Qd4 67.Qa8 Nd5 68.Bxd5 
exd5 69.Qa3+ Ke8 70.Qa8+ Ke7 71.Qa3+ Ke8 72.Qa8+ Ke7 73.Qa3+ 1/2-1/2

[Event "22nd Reykjavik op"]
[Site "Reykjavik ISL"]
[Date "2006.03.14"]
[Round "9.15"]
[White "Danielsen, Henrik"]
[Black "Thorfinnsson, Bragi"]
[WhiteElo "2520"]
[BlackElo "2367"]
[Result "1-0"]
[EventDate "2006.03.06"]
[PlyCount "91"]

1.f4 g6 2.Nf3 d5 3.g3 Bg7 4.Bg2 Nf6 5.O-O O-O 6.d3 b6 7.Nc3 Bb7 8.e4 dxe4 
9.Ng5 Na6 10.Be3 Nb4 11.Bd2 Qd4+ 12.Kh1 Rad8 13.Ngxe4 Nxe4 14.Nxe4 Nxd3 
15.Bc3 Nxf4 16.Qxd4 Bxd4 17.Rxf4 e5 18.Rf6 Kg7 19.Raf1 Ba6 20.Re1 Bb7 21.
Bxd4 Rxd4 22.Rf2 Bxe4 23.Bxe4 f5 24.Bb7 e4 25.g4 fxg4 26.Rxf8 Kxf8 27.Bxe4
c5 28.b3 c4 29.Kg2 Kg7 30.Kg3 cxb3 31.axb3 h5 32.Bd3 Kf6 33.Re8 Rd6 34.Kh4
a5 35.Rb8 Kg7 36.Kg5 Rd5+ 37.Kf4 Rd6 38.Ke5 Rc6 39.Be4 Rc5+ 40.Kd4 Rg5 41.
Rxb6 h4 42.c4 g3 43.hxg3 h3 44.Rb5 Rxg3 45.Rxa5 Rxb3 46.Rg5 1-0